Yes Day! / (Record no. 2225)

MARC details
000 -LEADER
fixed length control field 00956cam a2200301 a 4500
005 - DATE AND TIME OF LATEST TRANSACTION
control field 20250728113405.0
020 ## - INTERNATIONAL STANDARD BOOK NUMBER
International Standard Book Number 9780061152597
020 ## - INTERNATIONAL STANDARD BOOK NUMBER
International Standard Book Number 9780061152603
020 ## - INTERNATIONAL STANDARD BOOK NUMBER
International Standard Book Number 9780545256094
040 ## - CATALOGING SOURCE
Original cataloging agency DLC
Transcribing agency DLC
Modifying agency DLC
Language of cataloging eng
050 00 - LIBRARY OF CONGRESS CALL NUMBER
Classification number PZ7.R719445
Item number Ye 2009
082 00 - DEWEY DECIMAL CLASSIFICATION NUMBER
Classification number 464
Edition number 22
100 1# - MAIN ENTRY--PERSONAL NAME
Personal name Rosenthal, Amy Krouse
245 10 - TITLE STATEMENT
Title Yes Day! /
Statement of responsibility, etc. Yes It's by Amy Krouse Rosenthal & Tom Lichtenheld!
250 ## - EDITION STATEMENT
Edition statement First Scholastic printing, May 2010
260 ## - PUBLICATION, DISTRIBUTION, ETC.
Place of publication, distribution, etc. New York :
Name of publisher, distributor, etc. Scholastic,
Date of publication, distribution, etc. 2009
300 ## - PHYSICAL DESCRIPTION
Extent 32 unnumbered pages :
Other physical details Illustrations
Dimensions 20x20 cm
505 ## - FORMATTED CONTENTS NOTE
Formatted contents note D
520 ## - SUMMARY, ETC.
Summary, etc. A little boy gets everything he asks for on Yes Day, a special day that only comes once a year.
521 1# - TARGET AUDIENCE NOTE
Target audience note 200 <br/>
Source Lexile <br/>
521 1# - TARGET AUDIENCE NOTE
Target audience note D <br/>
Source Raz-Plus<br/>
650 #1 - SUBJECT ADDED ENTRY--TOPICAL TERM
Topical term or geographic name entry element Wishes
Form subdivision Fiction.
650 #1 - SUBJECT ADDED ENTRY--TOPICAL TERM
Topical term or geographic name entry element Day
Form subdivision Fiction.
700 1# - ADDED ENTRY--PERSONAL NAME
Personal name Lichtenheld, Tom
Relator term Illustrator
906 ## - LOCAL DATA ELEMENT F, LDF (RLIN)
a 7
b cbc
c orignew
d 1
e ecip
f 20
g y-gencatlg
942 ## - ADDED ENTRY ELEMENTS (KOHA)
Source of classification or shelving scheme Dewey Decimal Classification
Koha item type Books
Suppress in OPAC No
999 ## -
-- 2225
-- 2225
Holdings
Withdrawn status Lost status Source of classification or shelving scheme Damaged status Not for loan Collection Home library Current library Shelving location Date acquired Total Checkouts Full call number Barcode Date last seen Date last checked out Copy number Price effective from Koha item type Date due
    Dewey Decimal Classification     Juvenile Fiction Footprints International School Library Network Toul Kork Campus Footprints International School Library Network Toul Kork Campus TK Primary Library Room(4th Floor), Bookcase 7, Shelves 57-60, Dark Green Books 11/13/2023 1 ROS 464 PZ7.R719445 FISTK02398 02/06/2024 01/10/2024 1 11/13/2023 Books  
    Dewey Decimal Classification     Juvenile Fiction Footprints International School Library Network Toul Kork Campus Footprints International School Library Network Toul Kork Campus TK Primary Library Room(4th Floor), Bookcase 7, Shelves 57-60, Dark Green Books 07/28/2025   ROS 464 PZ7.R719445 2024-2297 07/28/2025   3 07/28/2025 Books  
    Dewey Decimal Classification     Juvenile Fiction Footprints International School Library Network Toul Tom Poung Campus Footprints International School Library Network Toul Kork Campus TTP Primary Green Bookshelves 07/28/2025 3 ROS 464 PZ7.R719445 FIS01950 03/25/2026 03/25/2026 4 07/28/2025 Books 04/08/2026
    Dewey Decimal Classification     Juvenile Fiction Footprints International School Library Network Toul Tom Poung Campus Footprints International School Library Network Toul Tom Poung Campus TTP Primary Green Bookshelves 07/28/2025   ROS 464 PZ7.R719445 2024-0118 07/28/2025   2 07/28/2025 Books